Mortalidad en América Central: Realidad actual y perspectivas /

שמור ב:
מידע ביבליוגרפי
מחבר ראשי: Behm Rosas, Hugo
פורמט: Texto
נושאים:
תגים: הוספת תג
אין תגיות, היה/י הראשונ/ה לתייג את הרשומה!

MARC

LEADER 00000 a a2200000 04500
001 47575
003
040
090 |a REV0857 7 (19) 1981  
100 |a Behm Rosas, Hugo  
245 |a Mortalidad en América Central:   |b Realidad actual y perspectivas /  |c Hugo Behm Rosas  
650 |a MORTALIDAD  
650 |a INVESTIGACION DEMOGRAFICA  
650 |a DESARROLLO ECONOMICO Y SOCIAL  
650 |a AMERICA CENTRAL  
773 |g volumen7, número19, mayo-agosto (1981)  
999 |c 31009  |d 31009